| 000 | 01713cam a22002535a 4500 | ||
|---|---|---|---|
| 001 | L154807 | ||
| 008 | 120119s2011 xxk f 000 0 eng d | ||
| 020 | _a9780857297303 | ||
| 035 | _a(Sirsi) u154807 | ||
| 041 | 0 | _aeng | |
| 100 | 1 | _aHaidar, Ali | |
| 245 | 0 | 0 |
_aGlobal claims in construction _h[electronic resource] |
| 250 | _a1st ed. | ||
| 260 |
_bSpringer Verlag _c2011 |
||
| 300 | _aeBook | ||
| 505 | 2 | _a1 Introduction -- 2 Contract Law: Principles and Doctrines -- 3 Construction Contracts: Obligations, Vitiations and Remedies -- 4 Delays and Disruptions Provisions -- 5 Damages and Calculation of Losses -- 6 Global Claims: An Overview -- 7 Global Claims: Total Cost Methodology and Substantiation -- 8 Global Claim: A Case Study | |
| 520 | _aIn recent years, a number of global claims have failed because they were presented without any systematic analysis, justification or proper calculation of losses. Hence, Global Claims in Construction highlights these issues as well as the importance of understanding causation, factual necessity and the courts' attitude and approach to global claims. Global Claims in Construction addresses the principles of global claims and their calculation methodologies in detail through extensive references to literature, case law and a real world case study. It aims to be a valuable resource for professionals working in the construction industry, as well as students in construction and engineering. | ||
| 650 | 2 | 4 | _aEBOOK |
| 651 | 4 | _aInternational | |
| 690 |
_aContracts _96232 |
||
| 690 |
_aConstruction management _96230 |
||
| 856 | 4 | 0 |
_uhttps://www.vlebooks.com/ _zView on VLEbooks. Logins for members only from [email protected] |
| 942 | _n0 | ||
| 999 |
_c113167 _d113167 |
||